00806 2200205 4500001002100000005001700021008004100038035002500079082001400104090001900118100001700137245018200154260006200336300003100398500007000429504003200499650003900531650001200570990001800582INLIS00000000000862120150803175158.0 ind  a0010-081500000000059 223a510.7 aSK 510.7 Agu P aAGUS Prianto aPengaruh bakat skolastik dan motivasi belajar terhadap prestasi belajar matematika siswa kelas X semester II SMA Muhammadiyah 4 Yogyakarta tahun ajaran 2004/2005c/ Agus Prianto aYogyakartabUniversitas Islam Negeri Sunan Kalijagac2005 axvi, 94 lembar ;c29,5 cm. aSkripsi Fakultas Tarbiyah Universitas Islam Negeri Sunan Kalijaga aBibliografi : halaman 92-94 aMatematika -- Studi dan Pengajaran aSUKIMAN a47033-PD/A.15